Handbook of geometric topology

Saved in:
Bibliographic Details
Other Authors: Daverman, Robert J. (Editor), Sher, R. B. (Editor)
Format: Book
Language:English
Published: Amsterdam ; New York : Elsevier, 2002.
Subjects:
Tags: Add Tag
No Tags, Be the first to tag this record!

MARC

LEADER 00000cam a2200000 i 4500
001 1/29904
008 021209s2002####ne | ||| |||| ||eng||
020 |a 0444824324 
035 |l 10068885 
040 |a GR-MyUA  |b gre  |e AACR2 
041 0 |a eng 
082 0 |a 514  
245 1 0 |a Handbook of geometric topology /   |c edited by R.J. Daverman, R.B. Sher.  
260 |a Amsterdam ;   |a New York :   |b Elsevier,   |c 2002.  
300 |a x, 1133 σ. :   |b εικ. ;   |c 25 εκ.  
504 |a Περιέχει βιβλιογραφικές αναφορές.  
650 0 0 |a Topology. 
700 1 |a Daverman, Robert J.  |e edt 
700 0 |a Sher, R. B.  |e edt 
852 |a INST  |b SAMOS  |e 20021209  |h 514 HAN  |p 005300024278  |q 005300024278  |t BK  |y 0 
901 |a BIBL3-2002-3 
909 |a Σ  |b 103152 
922 |a 3ΕΛΗ  |b 200210  |c ΕΠΕΑΕΚ2/ΤΜΗΜΑ ΜΑΘΗΜΑΤΙΚΩΝ  |d ΠΑΠΑΣΩΤΗΡΙΟΥ & ΕΛΕΥΘΕΡΟΥΔΑΚΗΣ 
950 |a 116-2002-10-02 
970 |a ΚΟΣΙΕΡΗΣ  |b ΧΡΗΣΤΟΣ  |z 2002/12/10